<?xml version="1.0" encoding="UTF-8"?>
<record
    xmlns:xsi="http://www.w3.org/2001/XMLSchema-instance"
    xsi:schemaLocation="http://www.loc.gov/MARC21/slim http://www.loc.gov/standards/marcxml/schema/MARC21slim.xsd"
    xmlns="http://www.loc.gov/MARC21/slim">

  <leader>01388cam a22002533a 4500</leader>
  <controlfield tag="001">6641</controlfield>
  <controlfield tag="003">PGUSA</controlfield>
  <controlfield tag="005">20140828083135.0</controlfield>
  <controlfield tag="008">041001s2004||||xxu|||||s|||||000 | eng d</controlfield>
  <datafield tag="040" ind1=" " ind2=" ">
    <subfield code="a">PGUSA</subfield>
    <subfield code="b">eng</subfield>
  </datafield>
  <datafield tag="042" ind1=" " ind2=" ">
    <subfield code="a">dc</subfield>
  </datafield>
  <datafield tag="050" ind1=" " ind2="4">
    <subfield code="a">PT</subfield>
  </datafield>
  <datafield tag="050" ind1=" " ind2="4">
    <subfield code="a">GR</subfield>
  </datafield>
  <datafield tag="100" ind1="1" ind2=" ">
    <subfield code="a">Arndt, Ernst Moritz,</subfield>
    <subfield code="d">1769-1860</subfield>
  </datafield>
  <datafield tag="245" ind1="1" ind2="0">
    <subfield code="a">M&#xE4;rchen und Sagen</subfield>
    <subfield code="h">[electronic resource] /</subfield>
    <subfield code="c">Ernst Moritz Arndt</subfield>
  </datafield>
  <datafield tag="260" ind1=" " ind2=" ">
    <subfield code="b">Project Gutenberg,</subfield>
    <subfield code="c">2004</subfield>
  </datafield>
  <datafield tag="505" ind1="0" ind2=" ">
    <subfield code="a">Das brennende Geld -- De Blagfoot -- De Br&#xFC;gg bi Slemmin -- De K&#xF6;ninge van den Deerden -- De Prester un de D&#xFC;wel -- De Raw de Ringdeef -- De Wewer un de Steen -- De krassende Hahn -- De witte Fru to L&#xF6;bnitz -- Der Rabenstein -- Der Schlangenk&#xF6;nig -- Der Wiedehopf -- Der Wolf und die Nachtigall -- Der gro&#xDF;e Jochen -- Die Unterirdischen in den Neun Bergen bei Rambin -- Die alte Burg bei L&#xF6;bnitz -- Dom b&#xFC;st du d&#xE5;? -- Geschichte von den sieben bunten M&#xE4;usen -- Halt den Mittelweg! -- Ick b&#xFC;n de Ridder Unv&#xF6;rzagt und sla der S&#xE4;wen mit eenem Slag -- Kater Martinchen -- Klas Avenstaken -- Prinzessin Svanvithe -- Rattenk&#xF6;nig Birlibi -- Rotkehlchen und Kohlmeischen -- Schipper Gau un sin Puk -- Thrin Wulfen</subfield>
  </datafield>
  <datafield tag="506" ind1=" " ind2=" ">
    <subfield code="a">Public domain in the USA.</subfield>
  </datafield>
  <datafield tag="516" ind1=" " ind2=" ">
    <subfield code="a">Electronic text</subfield>
  </datafield>
  <datafield tag="653" ind1=" " ind2=" ">
    <subfield code="a">Fairy tales -- Germany</subfield>
  </datafield>
  <datafield tag="830" ind1=" " ind2="0">
    <subfield code="a">Project Gutenberg</subfield>
    <subfield code="v">6641</subfield>
  </datafield>
  <datafield tag="856" ind1="4" ind2="0">
    <subfield code="u">http://www.gutenberg.org/ebooks/6641</subfield>
  </datafield>
  <datafield tag="942" ind1=" " ind2=" ">
    <subfield code="c">EB</subfield>
  </datafield>
  <datafield tag="999" ind1=" " ind2=" ">
    <subfield code="c">235961</subfield>
    <subfield code="d">235961</subfield>
  </datafield>
  <datafield tag="952" ind1=" " ind2=" ">
    <subfield code="0">0</subfield>
    <subfield code="1">0</subfield>
    <subfield code="4">0</subfield>
    <subfield code="a">GTB</subfield>
    <subfield code="b">GTB</subfield>
    <subfield code="d">2014-08-28</subfield>
    <subfield code="l">0</subfield>
    <subfield code="r">2014-08-28 00:00:00</subfield>
    <subfield code="w">2014-08-28</subfield>
    <subfield code="y">EB</subfield>
  </datafield>
</record>
